000 00664cab a2200241 4500
001 WB2301-98
008 090401t1986 xxu||||| |||| 00| 0 eng d
035 _a(Sirsi) u69501
041 _aeng
245 _aChannel Islands
260 _c1986
350 _a0
490 _aFinancial Times
_v17/12/86 pI-XII (Loan)
520 _aA survey on the economy which includes growth of the finance industry , investor protection , company laws , the housing market and office market .
650 _aALDERNEY
650 _aGUERNSEY
650 _aHERM
650 _aJERSEY
650 _aSARK
690 _aSPECIAL REPORTS
942 _n0
948 _c04/03/1997
999 _c43654
_d43654